States of Australia Flags Map Quiz - Statistics

General Stats
  • This quiz has been taken 248 times
  • The average score is 5 of 8
Answers on the Map
Answers color-coded by a green-red scale on the quiz's map according to % correct below.
 
Answer Stats
Answer % Correct
Northern Territory
72%
Australian Capital Territory
63%
Victoria
62%
Western Australia
58%
South Australia
56%
Queensland
55%
Tasmania
53%
New South Wales
51%
No matching quizzes found
Score Distribution
Percent of People with Each Score
Percentile by Number Answered
Your Score History
You have not taken this quiz